Sports Quiz

Random Sports or NHL Quiz

NHL Teams: 2 Minute Drill Quiz Stats

Quiz not verified by Sporcle

Challenge
Share
Tweet
Embed
Score 0/30 Timer 02:00
0 Plays Today
Team Arena Team % Correct
Madison Square GardenNew York Rangers
85.4%
Nassau ColliseumNew York Islanders
84.6%
TD Banknorth GardenBoston Bruins
78.9%
Mellon ArenaPittsburgh Penguins
78%
Prudential CenterNew Jersey Devils
74%
Wachovia CenterPhiladelphia Flyers
73.2%
Air Canada CenterToronto Maple Leafs
72.4%
United CenterChicago Blackhawks
68.3%
Joe Louis ArenaDetroit Red Wings
68.3%
Scotiabank PlaceOttawa Senators
66.7%
STAPLES CenterLos Angeles Kings
65.9%
Pengrowth SaddledomeCalgary Flames
63.4%
Xcel Energy CenterMinnesota Wild
63.4%
Rexall PlaceEdmonton Oilers
62.6%
HSBC ArenaBuffalo Sabres
61.8%
Team Arena Team % Correct
General Motors PlaceVancouver Canucks
61.8%
BankAtlantic CenterFlorida Panthers
57.7%
Honda CenterAnaheim Ducks
56.9%
American Airlines CenterDallas Stars
56.9%
Pepsi CenterColorado Avalanche
56.1%
St. Pete Times ForumTampa Bay Lightning
55.3%
Philips ArenaAtlanta Thrashers
54.5%
RBC CenterCarolina Hurricanes
54.5%
Verizon CenterWashington Capitals
54.5%
Scotttrade CenterSt. Louis Blues
54.5%
Jobing.com ArenaPhoenix Coyotes
54.5%
Nationwide ArenaColumbus Blue Jackets
53.7%
Sommet CenterNashville Predators
50.4%
Centre BellMontreal Canadians
49.6%
HP PavillionSan Jose Shanks
4.9%

You're not logged in!

Compare scores with friends on all Sporcle quizzes.
Join for Free
OR
Log In

You Might Also Like...

Show Comments

Extras

Created May 6, 2010ReportNominate
Tags:NHL Quiz, arena, drill, less, minute, team

Top Quizzes Today


Score Distribution

Your Account Isn't Verified!

In order to create a playlist on Sporcle, you need to verify the email address you used during registration. Go to your Sporcle Settings to finish the process.

Report this User

Report this user for behavior that violates our Community Guidelines.

Details: